| 000 | 01608nam a2200373 a 4500 | ||
|---|---|---|---|
| 001 | ebr10601453 | ||
| 003 | CaPaEBR | ||
| 006 | m u | ||
| 007 | cr cn||||||||| | ||
| 008 | 120117s2011 gw sb 000 0 eng d | ||
| 010 | _z 2011051927 | ||
| 020 | _z3631635745 | ||
| 020 | _z9783631635742 | ||
| 020 | _z9783653011845 (e-book) | ||
| 040 |
_aCaPaEBR _cCaPaEBR |
||
| 035 | _a(OCoLC)806040209 | ||
| 050 | 1 | 4 |
_aPN56.O69 _bO84 2011eb |
| 082 | 0 | 4 |
_a809/.933845 _223 |
| 245 | 0 | 0 |
_aOtherness _h[electronic resource] : _ba multilateral perspective / _cedited by Susan Yi Sencindiver, Maria Beville, Marie Lauritzen. |
| 260 |
_aFrankfurt am Main ; _aNew York : _bPeter Lang, _cc2011. |
||
| 300 | _a280 p. | ||
| 504 | _aIncludes bibliographical references. | ||
| 505 | 0 | _apt. 1. Self and other : indelibly divided, irrevocably united -- pt. 2. Hosting or ousting the other -- pt. 3. Sociocultural aspects of otherness : glocal, transcultural and spectral mobil selves. | |
| 533 |
_aElectronic reproduction. _bPalo Alto, Calif. : _cebrary, _d2011. _nAvailable via World Wide Web. _nAccess may be limited to ebrary affiliated libraries. |
||
| 650 | 0 | _aOther (Philosophy) in literature. | |
| 650 | 0 | _aOther (Philosophy) in art. | |
| 650 | 0 | _aIdentity (Philosophical concept) in literature. | |
| 655 | 7 |
_aElectronic books. _2local |
|
| 700 | 1 | _aSencindiver, Susan Yi. | |
| 700 | 1 | _aBeville, Maria. | |
| 700 | 1 | _aLauritzen, Marie. | |
| 710 | 2 | _aebrary, Inc. | |
| 856 | 4 | 0 |
_uhttp://site.ebrary.com/lib/rucke/Doc?id=10601453 _zAn electronic book accessible through the World Wide Web; click to view |
| 999 |
_c99437 _d99437 |
||